000 00281nam a22001217a 4500
082 _a894.812
_bTHA/C
100 _aM.J.K.NAMBOOTHIRI
245 _aCINEMAYUGAM
_bYUVAHRIDAYANGAL
260 _aTHIRUVANANTHAPURAM
_bKSIDC
300 _a84
650 _aENTERTAINMENT
_zKERALA
942 _cBK
999 _c1030
_d1030